Ornamentos y objetos litúrgicos / (Record no. 91150)
[ view plain ]
| 000 -LEADER | |
|---|---|
| campo de control de longitud fija | 00708nam a2200217 i 4500 |
| 001 - NÚMERO DE CONTROL | |
| campo de control | 91150 |
| 003 - IDENTIFICADOR DE NÚMERO DE CONTROL | |
| campo de control | ES-MaACL |
| 005 - FECHA Y HORA DE LA ÚLTIMA TRANSACCIÓN | |
| campo de control | 20250901062533.0 |
| 007 - CAMPO FIJO DE DESCRIPCIÓN FÍSICA--INFORMACIÓN GENERAL | |
| campo de control de longitud fija | t| |
| 008 - DATOS DE LONGITUD FIJA--INFORMACIÓN GENERAL | |
| campo de control de longitud fija | 050127s1959 an |||| | spa d |
| 100 1# - ENTRADA PRINCIPAL--NOMBRE DE PERSONA | |
| Nombre de persona | Lesage, Robert. |
| 9 (RLIN) | 71824 |
| 245 10 - MENCIÓN DEL TÍTULO | |
| Título | Ornamentos y objetos litúrgicos / |
| Mención de responsabilidad, etc. | Robert Lesage. |
| 260 ## - PUBLICACIÓN, DISTRIBUCIÓN, ETC. | |
| Lugar de publicación, distribución, etc. | Andorra : |
| Nombre del editor, distribuidor, etc. | Casal i Vall, |
| Fecha de publicación, distribución, etc. | [1959] |
| 300 ## - DESCRIPCIÓN FÍSICA | |
| Extensión | 159 p. ; |
| Dimensiones | 19 cm. |
| 490 1# - MENCIÓN DE SERIE | |
| Mención de serie | Yo sé, yo creo : enciclopedia del católico en el siglo XX |
| 650 #4 - PUNTO DE ACCESO ADICIONAL DE MATERIA--TÉRMINO DE MATERIA | |
| Término de materia o nombre geográfico como elemento de entrada | Objetos litúrgicos. |
| 9 (RLIN) | 165693 |
| 650 #4 - PUNTO DE ACCESO ADICIONAL DE MATERIA--TÉRMINO DE MATERIA | |
| Término de materia o nombre geográfico como elemento de entrada | Iglesias- |
| Subdivisión general | Decoración. |
| 9 (RLIN) | 162351 |
| 830 00 - PUNTO DE ACCESO ADICIONAL DE SERIE-TÍTULO UNIFORME | |
| Título uniforme | Yo sé, yo creo: enciclopedia del católico del siglo XX |
| 9 (RLIN) | 186579 |
| 852 ## - LOCALIZACIÓN | |
| Ubicación | ES-MaACL |
| Número de control de estantería | C-17266 |
| Estatus retirado | Estado de pérdida | Estado de daño | No para préstamo | Biblioteca de origen | Biblioteca actual | Ubicación en estantería | Fecha de adquisición | Fuente de adquisición | Total de préstamos | Signatura topográfica completa | Código de barras | Visto por última vez | Precio de reemplazo | Tipo de ítem Koha |
|---|---|---|---|---|---|---|---|---|---|---|---|---|---|---|
| Biblioteca del Ateneo de Madrid | Biblioteca del Ateneo de Madrid | Galería | 17/01/2008 | C-17266 | 1095167 | 23/02/2023 | 23/02/2023 | Libro impreso |
